000 00576nmm a2200169Ia 4500
008 251105s9999||||xx |||||||||||||||||und||
020 _a9788498950588
041 _aspa
100 _aSánchez García, Francisco José
245 0 _aPragmática de los titulares políticos :
_b Las estrategias implícitas de persuasión ideológica
264 _a[Madrid, España] :
_bVisor Libros,
_c2010
300 _a240 páginas
490 _aVisor Lingüística
650 _aMedia Studies (Journ., TV, etc)
856 _uhttps://public.digitaliapublishing.com/a/27763
942 _cCF
999 _c92122
_d92122